000 00717nam a2200205 a 4500
001 BRCA_1644
005 20190320203505.0
008 921103s1992 it-a---##b---#000-0#ita-d
020 _a884353842X
040 _aDLC
_cDLC
050 4 _aND813.R5
_b.J87 1992
245 1 0 _aJusepe de Ribera 1591-1652.
260 _aNapoli
_bElecta Napoli
_cc1992.
300 _a422 p.
_bil. (algunas a color)
_c28 cm.
500 _aCatálogo de la exposición realizada en Castel Sant´Elmo, (Nápoles), 27 febrero - 17 mayo 1992.
501 _aIncluye appendice documentaria : vita e opere di Jusepe de Ribera.
504 _aBibliografía: p. 411-422.
600 1 4 _aRibera, José de
_d1591-1652
_xExposiciones
_95136
942 _2lcc
_cB
999 _c1443
_d1443